Culture Générale - Série 1948 - Statistiques

Statistiques générales
  • Ce quiz a été pris 130 fois
  • Le résultat moyen est 4 sur 10
Statistiques - réponses
Question Réponse % Correct
Dans quel pays se trouve le barrage d'Assouan ? Egypte
90%
Dans quel pays d'Europe appelle-t-on une groseille rouge "raisinet" ? Suisse
63%
Dans quel pays actuel se trouve le mont Nébo, lieu où Moïse serait mort ? Jordanie
56%
Quel mot anglais désigne un navire-citerne (pétrolier) ? tanker
48%
Comment appelle-t-on une chaussure très fine, qui laisse le cou-de-pied découvert ? escarpin
45%
Quel François a réalisé le film "Potiche" en 2010, avec C Deneuve, G.Depardieu, K.Viard, F.Lucchini ? Ozon
43%
Quel jeu de cartes originaire d'Uruguay se joue avec 108 cartes ? canasta
8%
Comment s'appelle l'instrument de musique africain ressemblant à une harpe ? voir photo kora
7%
Dans la mythologie grecque, comment s'appelaient les 7 soeurs, filles d'Atlas ? Pléiades
6%
Sorte de fossé peu profond et large, végétalisé, qui recueille provisoirement de l'eau de ruissellement noue
2%
Aucun quiz correspondant
Distribution des résultats
% des personnes avec chaque résultat
Percentile par nombre de réponses
Votre historique - résultats
Vous n’avez pas pris ce quiz